Flags of the Soviet Socialist Republics - Statistics

General Stats
  • This quiz has been taken 106 times
    73 since last reset
  • The average score is 11 of 16
Answer Stats
Picture Answer % Correct
Byelorussia
100%
Russia
96%
Ukraine
96%
Georgia
79%
Estonia
73%
Uzbekistan
71%
Kazakhstan
69%
Latvia
69%
Tajikistan
58%
Azerbaijan
56%
Lithuania
56%
Moldavia
52%
Armenia
48%
Turkmenia
48%
Kirghizia
44%
Karelia-Finland
42%
No matching quizzes found
Score Distribution
Percent of People with Each Score
Percentile by Number Answered
Your Score History
You have not taken this quiz since the last reset